000 00326nam a22001457a 4500
003 SGT
020 _a9788184877342
082 _a624,MEN
100 _aMENON,DEVDAS
245 _aSTRUCTURAL ANALYSIS
260 _aNEW DELHI
_bNAROSA PUB. HOUSE
_c2023
300 _a22.61
650 _aCIVIL ENGINEERING
942 _2ddc
_cBK
_02
999 _c24904
_d24904